000
00263nam a2200097Ia 4500
082
_a
J 363.73874 MILL
245
0
_a
Global warming
100
_a
MILLER, Debra A. Farmington Hills, MI, [c.2009]
942
_c
BK
008
210817s9999 xx 000 0 und d
999
_c
165297
_d
165295